Rhythm Heaven Fever - Remix 10 - Statistics

General Stats
  • This quiz has been taken 147 times
    92 since last reset
  • The average score is 24 of 33
Answer Stats
Set Game % Correct
4 Packing Pests
94%
2 Board Meeting
89%
1 Double Date
87%
7 Shrimp Shuffle
85%
3 Air Rally
83%
6 Donk Donk
83%
6 Bossa Nova
81%
7 Cheer Readers
81%
4 Micro-row
80%
1 See Saw
80%
2 Fork Lifter
78%
5 Flockstep
76%
1 Screwbot Factory
76%
3 Built to Scale
74%
3 Figure Fighter
74%
1 Hole in One
74%
2 Monkey Watch
72%
4 Samurai Slice
70%
2 Tambourine
70%
6 Love Rap
69%
5 Catch of the Day
67%
5 Exhibition Match
65%
7 Karate Man
63%
4 Packing Pests
63%
4 Packing Pests... Again
63%
7 Tap Troupe
63%
6 Launch Party
61%
4 Ringside
61%
4 Packing Pests... Again... Again
59%
None Rhythm Test
59%
5 Flipper Flop
57%
None Night Walk
57%
3 Working Dough
57%
No matching quizzes found
Score Distribution
Percent of People with Each Score
Percentile by Number Answered
Your Score History
You have not taken this quiz since the last reset